000 00472nam a2200181Ia 4500
001 24460
005 20260414151045.0
008 260414t2020||||xx |||||||||||||| ||spa||
041 _aESP
082 _a345.71
_bD84P
100 _aDivisión de Estudios Jurídicos de Gaceta Jurídica
_eAUT
245 0 _aLos procesos civiles en sus documentos
_b
260 _c2020
300 _a541 páginas :
_c25 cm.
650 _aDER
654 _aCDE
942 _cLIB
_dJUS
_fJUS
_2ddc
_n
999 _c24460
_d24460